000 00805nam a22002057a 4500
003 JO-AjAnu
005 20250715111540.0
008 250715b jo ||||| |||| 00| 0 ara d
040 _aJO-AjAnu
_beng
_cJO-AjAnu
_dJO-AjAnu
_erda
041 _aeng
_heng
050 _aQA117
_b2025
100 1 _aRababah, Eman Mohammad
_eprepared
_966583
245 0 _a ; Modified Fractional Formulas With Richardson Extrapolation /
_cPrepared Eman Mohammad Rababaah Supervisor Hamzeh Taha Alkasasbeh
260 _c2025
300 _a70 paper
504 _aUniversity Thesis (Master's Thesis) - Ajloun National University, (Ajloun, Jordan) - Faculty of Science, Department of Mathematics, 2025
650 7 _aMathematics - Fractions
_966584
700 1 _aAlkasasbeh, Hamzeh Taha
_eSupervisor
_966585
942 _2lcc
_cTHS
_n0
999 _c33940
_d33940